Statistiques concernant 60 degrés méridiens de l'est des pays

Cliquez ici pour prendre le quiz!

Statistiques générales

  • Ce quiz a été pris 18 fois
  • Le résultat moyen est 17 sur 20

Statistiques - réponses

degréspays% Correct
Iran
94%
Kazakhstan
94%
Ouzbékistan
94%
0.87°Pakistan
94%
Russie
94%
Turkménistan
94%
4.33°Arabie Saoudite
89%
9.18°Bahreïn
89%
8.19°Inde
89%
11.43°Irak
89%
0.21°Oman
89%
8.38°Qatar
89%
5.49°Yémen
89%
9.66°Azerbaïdjan
83%
0.51°Afghanistan
78%
9.52°Madagascar
72%
4.06°Seychelles
72%
3.62°Émirats arabes unis
67%
2.15°Île Maurice
67%
8.59°Somalie
61%

Distribution des résultats

Percentile par nombre de réponses

% des personnes avec chaque résultat

Votre développement - résultats

Vous n’avez pas pris ce quiz